| 000 | 01215 a2200217 4500 | ||
|---|---|---|---|
| 001 | 20914 | ||
| 005 | 20260407155500.0 | ||
| 008 | 260407a2011 arg spa d | ||
| 003 | AR-UNSa-BCEJYS | ||
| 040 |
_aAR-UNSa-BCEJYS _bspa _cAR-UNSa-BCEJYS |
||
| 080 |
_a347.736 _xQuiebra. Insolvencia. Suspensión de pagos. Bancarrota, procedimientos. Derecho Concursal |
||
| 245 | 1 | 0 |
_aInformes del síndico concursal _pAuditoría. Situación laboral del concursado. Informes mensual de gestión, individual, general y final. Proyecto de distribución. Continuación de la empresa. Publicidad. Modelos de escritos y dictámenes |
| 020 | _a978-950-508-937-6 | ||
| 264 | 1 |
_aBuenos Aires : _bAstrea _c2011 |
|
| 300 |
_axxiv, 391 p. _c23 cm. |
||
| 505 | _a1. Los informes ordenados en la resolución de apertura - 2. Informe individual - 3. Informe general - 4. Informes sobre la continuación de la explotación de la empresa fallida - 5. Informe final y proyecto de distribución | ||
| 942 | _cBK | ||
| 590 | _aniveau_biblio:m niveau_hierar:0 | ||
| 100 | 1 | _aCasadío Martínez, Claudio Alfredo | |
| 856 | 4 | 1 |
_uhttps://biblioeco.unsa.edu.ar/pmb/images/libros/Informes%20del%20Sindico%20Concursal.jpg _yImagen de portada _qimage/jpeg |
| 999 |
_c751 _d751 |
||